[Event "LSS SA-2010-0-00114"]
[Site "LSS email"]
[Date "2010.01.31"]
[Round "?"]
[White "Morss, Mark F"]
[Black "Stilman, Eduardo"]
[Result "0-1"]
[WhiteElo "2043"]
[BlackElo "2048"]
[PlyCount "66"]
[EventDate "2010.01.15"]
[EventType "tourn (corr)"]
[EventRounds "6"]
[EventCountry "GER"]
[SourceTitle "Telechess CBM 141"]
[Source "ChessBase"]
[SourceDate "2011.03.17"]
[SourceVersion "1"]
[SourceVersionDate "2011.03.17"]
[SourceQuality "1"]

1. d4 Nf6 2. c4 e6 3. Nc3 Bb4 4. f3 d5 5. a3 Bd6 6. e4 c5 7. dxc5 Bxc5 8. cxd5 exd5 9. e5 Nfd7 10. Qxd5 0-0 11. f4 Bxg1 12. Rxg1 Qb6 13. Rh1 Nc6 14. Qb5 Nd4 15. Qxb6 Nxb6 16. Bd3 Nb3 17. Rb1 Rd8 18. Bc2 Nxc1 19. Rxc1 Nc4 20. Rf1 Nxb2 21. Nb5 Nd3+ 22. Bxd3 Rxd3 23. Rf3 Rxf3 24. gxf3 Bd7 25. Nd6 Bc6 26. Ke2 f6 27. Ke3 Kf8 28. h4 a5 29. Nf5 Re8 30. Rc5 a4 31. Nd4 Rc8 32. Ra5 Bd7 33. Ra7 Rc7 0-1

[Event "LSS SA-2010-0-00114"]
[Site "LSS email"]
[Date "2010.01.30"]
[Round "?"]
[White "Morss, Mark F"]
[Black "Milde, Lars"]
[Result "0-1"]
[WhiteElo "2027"]
[BlackElo "1822"]
[PlyCount "70"]
[EventDate "2010.01.15"]
[EventType "tourn (corr)"]
[EventRounds "6"]
[EventCountry "GER"]
[SourceTitle "Telechess CBM 141"]
[Source "ChessBase"]
[SourceDate "2011.03.17"]
[SourceVersion "1"]
[SourceVersionDate "2011.03.17"]
[SourceQuality "1"]

1. d4 d5 2. c4 e6 3. Nc3 Nf6 4. Nf3 Be7 5. Bf4 0-0 6. e3 c5 7. dxc5 Bxc5 8. a3 Nc6 9. Qc2 Qa5 10. Nd2 Qd8 11. Nb3 Bd6 12. Bg5 dxc4 13. Bxc4 Ne5 14. Be2 Qb6 15. Bxf6 gxf6 16. f4 Ng6 17. Nd2 Be7 18. Nc4 Qc6 19. h4 Rd8 20. Kf2 Bd7 21. h5 Nf8 22. a4 Rac8 23. b3 Qc7 24. Qb2 f5 25. Nb5 Bxb5 26. h6 f6 27. axb5 Nd7 28. g4 fxg4 29. Bxg4 Nc5 30. Qc2 Kh8 31. Be2 Rg8 32. Rag1 Rxg1 33. Rxg1 Rg8 34. Rxg8+ Kxg8 35. Qb1 Kh8 0-1

[Event "LSS SA-2009-0-00077"]
[Site "LSS email"]
[Date "2009.08.14"]
[Round "?"]
[White "Iacobitz, Lucian Valentin"]
[Black "Morss, Mark F"]
[Result "1-0"]
[WhiteElo "2319"]
[BlackElo "2013"]
[PlyCount "143"]
[EventDate "2009.07.24"]
[EventType "tourn (corr)"]
[EventRounds "6"]
[EventCountry "GER"]
[SourceTitle "Telechess CBM 141"]
[Source "ChessBase"]
[SourceDate "2011.03.17"]
[SourceVersion "1"]
[SourceVersionDate "2011.03.17"]
[SourceQuality "1"]

1. e4 c5 2. Nf3 e6 3. d4 cxd4 4. Nxd4 Nf6 5. Nc3 d6 6. g4 h6 7. h4 Nc6 8. Rg1 h5 9. gxh5 Nxh5 10. Bg5 Nf6 11. Qd2 Qb6 12. Nb3 Bd7 13. 0-0-0 a6 14. Kb1 Qc7 15. Be2 0-0-0 16. Bxf6 gxf6 17. h5 Be8 18. Qf4 Qe7 19. Qh2 Bh6 20. f4 Kb8 21. Qf2 Qc7 22. Rd3 Ne7 23. f5 Nc6 24. fxe6 fxe6 25. Qxf6 Bd7 26. Nd4 Ne5 27. Rdg3 Rde8 28. Ka1 b5 29. Qf1 Ref8 30. Qd1 b4 31. Nb1 Qb6 32. c3 Bf4 33. Rh3 a5 34. Rg7 Bh6 35. Rxd7 Nxd7 36. Nxe6 Rf6 37. cxb4 axb4 38. Qd5 Re8 39. Nd4 Rc8 40. Nf5 Rc5 41. Qb3 Rc1 42. Rg3 Nc5 43. Rg8+ Kb7 44. Qd5+ Qc6 45. Bc4 Nd7 46. Rg6 Bf4 47. Rg7 Qxd5 48. Bxd5+ Kc7 49. Bb3 Kd8 50. Rg8+ Rf8 51. Rxf8+ Nxf8 52. Nd4 Be3 53. Nf5 Bc5 54. Bd5 Nd7 55. h6 Nf6 56. Bb3 Rh1 57. Be6 Rh2 58. a3 bxa3 59. Nxa3 Bxa3 60. bxa3 Nxe4 61. Bg8 Kc7 62. Kb1 Rh5 63. Bh7 Rh2 64. Bg8 Nf6 65. Be6 Rh5 66. Kb2 Ne4 67. Bd5 Nc5 68. Ne3 Rxh6 69. Kc3 Rh3 70. Kd2 Rh4 71. Kc2 Na4 72. Bg2 1-0

[Event "LSS SA-2009-0-00077"]
[Site "LSS email"]
[Date "2009.08.14"]
[Round "?"]
[White "Morss, Mark F"]
[Black "Herzog, Klaus"]
[Result "1-0"]
[WhiteElo "2102"]
[BlackElo "1966"]
[PlyCount "41"]
[EventDate "2009.07.24"]
[EventType "tourn (corr)"]
[EventRounds "6"]
[EventCountry "GER"]
[SourceTitle "Telechess CBM 137"]
[Source "ChessBase"]
[SourceDate "2010.07.15"]
[SourceVersion "1"]
[SourceVersionDate "2010.07.15"]
[SourceQuality "1"]

1. d4 d5 2. c4 dxc4 3. Nf3 Nf6 4. Nc3 a6 5. e4 b5 6. e5 Nd5 7. a4 e6 8. axb5 Bb4 9. Qc2 Nb6 10. Qe4 Qd5 11. Qg4 axb5 12. Rxa8 Qxa8 13. Be2 Rg8 14. 0-0 Bxc3 15. bxc3 Nc6 16. Bd1 Nd5 17. Bc2 h5 18. Qxh5 Nxc3 19. Ng5 Rf8 20. Nxf7 Rxf7 21. Bg6 1-0

[Event "LSS SA-2009-0-00077"]
[Site "LSS email"]
[Date "2009.08.14"]
[Round "?"]
[White "Morss, Mark F"]
[Black "Kroes, Friso"]
[Result "0-1"]
[WhiteElo "2102"]
[BlackElo "2080"]
[PlyCount "48"]
[EventDate "2009.07.24"]
[EventType "tourn (corr)"]
[EventRounds "6"]
[EventCountry "GER"]
[SourceTitle "Telechess CBM 137"]
[Source "ChessBase"]
[SourceDate "2010.07.15"]
[SourceVersion "1"]
[SourceVersionDate "2010.07.15"]
[SourceQuality "1"]

1. d4 d5 2. c4 c6 3. Nf3 Nf6 4. Nc3 e6 5. Bg5 dxc4 6. e4 b5 7. e5 h6 8. Bh4 g5 9. Nxg5 hxg5 10. Bxg5 Nbd7 11. g3 Rh5 12. h4 Rxg5 13. hxg5 Nd5 14. g6 Qa5 15. gxf7+ Kd8 16. Rh8 Nxc3 17. Qd2 Kc7 18. bxc3 b4 19. Bxc4 bxc3 20. Qe3 Ba3 21. Kd1 Ba6 22. Rxa8 Bxc4 23. f4 Qa4+ 24. Ke1 c2 0-1

[Event "LSS SA-2009-0-00061"]
[Site "LSS email"]
[Date "2009.06.08"]
[Round "?"]
[White "Jovanovic, Bratislav"]
[Black "Morss, Mark F"]
[Result "1-0"]
[WhiteElo "2104"]
[BlackElo "2118"]
[PlyCount "47"]
[EventDate "2009.05.09"]
[EventType "tourn (corr)"]
[EventRounds "6"]
[EventCountry "GER"]
[SourceTitle "Corr 2011"]
[Source "ChessBase"]
[SourceDate "2010.08.31"]
[SourceVersion "1"]
[SourceVersionDate "2010.08.31"]
[SourceQuality "1"]

1. e4 Nf6 2. e5 Nd5 3. d4 d6 4. Nf3 Bg4 5. Be2 c6 6. 0-0 Bxf3 7. Bxf3 dxe5 8. dxe5 e6 9. Qe2 Nd7 10. c4 Ne7 11. Bd2 Ng6 12. Bc3 Qc7 13. Re1 a5 14. a3 Bc5 15. Nd2 Ba7 16. g3 0-0 17. Rad1 Rad8 18. b4 axb4 19. axb4 Bb8 20. h4 Ngxe5 21. Bg2 Rfe8 22. c5 f5 23. Bh3 Nf7 24. Bxf5 1-0

[Event "LSS OP-2009-0-00868"]
[Site "LSS email"]
[Date "2009.06.05"]
[Round "?"]
[White "Godat, Terry"]
[Black "Morss, Mark F"]
[Result "1/2-1/2"]
[WhiteElo "2305"]
[BlackElo "2118"]
[PlyCount "81"]
[EventDate "2009.06.01"]
[EventType "tourn (corr)"]
[EventRounds "4"]
[EventCountry "GER"]
[SourceTitle "Corr 2011"]
[Source "ChessBase"]
[SourceDate "2010.08.31"]
[SourceVersion "1"]
[SourceVersionDate "2010.08.31"]
[SourceQuality "1"]

1. e4 Nf6 2. e5 Nd5 3. d4 d6 4. Nf3 Bg4 5. Be2 c6 6. 0-0 Bxf3 7. Bxf3 dxe5 8. dxe5 e6 9. Re1 Nd7 10. Nd2 Qc7 11. Nc4 Be7 12. Nd6+ Kf8 13. Bxd5 cxd5 14. Bf4 h5 15. c4 g5 16. cxd5 gxf4 17. Nxf7 Kxf7 18. dxe6+ Ke8 19. Qa4 Qc6 20. exd7+ Qxd7 21. Qxf4 Qg4 22. Qe3 Rg8 23. g3 h4 24. Qb3 hxg3 25. hxg3 Rg7 26. Rac1 b6 27. Rc7 Bc5 28. Rxg7 Qxg7 29. Qa4+ Kf8 30. Qh4 Qf7 31. Re2 Qf3 32. Rd2 a5 33. e6 Kg8 34. Qg5+ Kf8 35. Qh6+ Kg8 36. Qg6+ Kf8 37. Kh2 Be7 38. Qh7 Qf6 39. Rd3 Qg7 40. Qe4 Rc8 41. Rf3+ 1/2-1/2

[Event "LSS SA-2009-0-00061"]
[Site "LSS email"]
[Date "2009.06.05"]
[Round "?"]
[White "Meiners, Edwin Paul"]
[Black "Morss, Mark F"]
[Result "1-0"]
[WhiteElo "2216"]
[BlackElo "2102"]
[PlyCount "47"]
[EventDate "2009.05.09"]
[EventType "tourn (corr)"]
[EventRounds "6"]
[EventCountry "GER"]
[SourceTitle "Corr 2011"]
[Source "ChessBase"]
[SourceDate "2010.08.31"]
[SourceVersion "1"]
[SourceVersionDate "2010.08.31"]
[SourceQuality "1"]

1. e4 Nf6 2. e5 Nd5 3. d4 d6 4. Nf3 Bg4 5. Be2 c6 6. 0-0 Bxf3 7. Bxf3 dxe5 8. dxe5 e6 9. Qe2 Nd7 10. h3 Qc7 11. Re1 Bc5 12. Nd2 0-0 13. Nb3 Bb6 14. c3 a5 15. Nd4 a4 16. Bd2 Rfd8 17. Bg5 Re8 18. Bxd5 cxd5 19. Nb5 Qc6 20. Nd6 Reb8 21. c4 d4 22. Rad1 Nf8 23. h4 Bc5 24. Qg4 1-0

[Event "LSS OP-2009-0-00868"]
[Site "LSS email"]
[Date "2009.06.05"]
[Round "?"]
[White "Morss, Mark F"]
[Black "Obukhov, Gennady Nikolaevich"]
[Result "1/2-1/2"]
[WhiteElo "2069"]
[BlackElo "2051"]
[PlyCount "95"]
[EventDate "2009.06.01"]
[EventType "tourn (corr)"]
[EventRounds "4"]
[EventCountry "GER"]
[SourceTitle "Telechess CBM 137"]
[Source "ChessBase"]
[SourceDate "2010.07.15"]
[SourceVersion "1"]
[SourceVersionDate "2010.07.15"]
[SourceQuality "1"]

1. d4 d5 2. c4 Nc6 3. Nc3 e5 4. cxd5 exd4 5. dxc6 dxc3 6. Qxd8+ Kxd8 7. cxb7 Bxb7 8. bxc3 Bd6 9. f3 f5 10. Nh3 Nf6 11. e3 Rb8 12. Bd3 g6 13. Rb1 Ke7 14. Nf4 Bd5 15. Nxd5+ Nxd5 16. Kd2 Bc5 17. e4 fxe4 18. fxe4 Be3+ 19. Ke2 Bxc1 20. exd5 Rxb1 21. Bxb1 Bf4 22. h4 Kd6 23. h5 Re8+ 24. Kf3 Rf8 25. hxg6 hxg6 26. Bxg6 Kxd5 27. Rh5+ Be5+ 28. Ke3 Kd6 29. c4 c5 30. Bf5 Rh8 31. Bh7 Ke6 32. Ke4 Bd4 33. Rh6+ Kd7 34. Ra6 Kc7 35. g4 Kb7 36. Rh6 Kc7 37. g5 a5 38. a4 Bg7 39. Rh1 Kd6 40. Kf5 Rf8+ 41. Kg6 Bd4 42. Kh6 Rf2 43. Rh3 Ra2 44. Bd3 Rxa4 45. g6 Ra1 46. g7 Bxg7+ 47. Kxg7 a4 48. Bc2 1/2-1/2

[Event "LSS OP-2009-0-00868"]
[Site "LSS email"]
[Date "2009.06.05"]
[Round "?"]
[White "Polastri, Antonio"]
[Black "Morss, Mark F"]
[Result "0-1"]
[WhiteElo "1284"]
[BlackElo "2082"]
[PlyCount "99"]
[EventDate "2009.06.01"]
[EventType "tourn (corr)"]
[EventRounds "4"]
[EventCountry "GER"]
[SourceTitle "Corr 2013"]
[Source "ChessBase"]
[SourceDate "2012.11.12"]
[SourceVersion "1"]
[SourceVersionDate "2012.11.12"]
[SourceQuality "1"]

1. d4 d5 2. Bf4 Nf6 3. e3 c5 4. dxc5 e6 5. Qd4 Nc6 6. Bb5 Bd7 7. Bxc6 Bxc6 8. Nc3 Qa5 9. b4 Qa3 10. Bd6 Bxd6 11. cxd6 a5 12. b5 Bd7 13. Qe5 0-0 14. Nge2 Rac8 15. 0-0 Ne8 16. Qd4 Nxd6 17. Rab1 Qc5 18. Qd3 f6 19. Rfc1 Be8 20. Rb3 Bg6 21. Qd1 Nc4 22. Nf4 Bf7 23. Qe2 e5 24. Nd3 Qd6 25. Qe1 Nb6 26. Ne2 d4 27. exd4 Bxb3 28. axb3 exd4 29. Qxa5 Nd5 30. Qd2 Nc7 31. Ne1 Nxb5 32. h3 Rfd8 33. Nf3 Qc5 34. Qd3 Nc3 35. Re1 Re8 36. Nxc3 Rxe1+ 37. Nxe1 dxc3 38. g3 Re8 39. Ng2 Re6 40. Qd8+ Kf7 41. Qd7+ Re7 42. Qd3 g6 43. Ne3 Kg7 44. Kf1 Qc6 45. Qd5 Qxd5 46. Nxd5 Rd7 47. Nxc3 Rd2 48. Nb5 Rxc2 49. Ke1 Rb2 50. Nd4 0-1

[Event "LSS SA-2008-0-00043"]
[Site "LSS email"]
[Date "2009.01.26"]
[Round "?"]
[White "Bulgarini Torre, Marco"]
[Black "Morss, Mark F"]
[Result "0-1"]
[WhiteElo "1854"]
[BlackElo "2013"]
[PlyCount "68"]
[EventDate "2009.01.24"]
[EventType "tourn (corr)"]
[EventRounds "6"]
[EventCountry "GER"]
[SourceTitle "Corr 2013"]
[Source "ChessBase"]
[SourceDate "2012.11.12"]
[SourceVersion "1"]
[SourceVersionDate "2012.11.12"]
[SourceQuality "1"]
[WhiteTeam "US of America"]
[BlackTeam "US of America"]
[WhiteTeamCountry "USA"]
[BlackTeamCountry "USA"]

1. e4 Nf6 2. e5 Nd5 3. d4 d6 4. Nf3 Bg4 5. Be2 c6 6. 0-0 Bxf3 7. Bxf3 dxe5 8. dxe5 e6 9. Nd2 Nd7 10. Re1 Qc7 11. Nc4 Be7 12. Qd4 0-0 13. Qg4 Kh8 14. a4 N5b6 15. Nxb6 axb6 16. Bf4 Ra5 17. Qg3 Rfa8 18. b3 b5 19. Bd2 R5a7 20. Bh5 g6 21. Bd1 bxa4 22. Qf4 f5 23. bxa4 b5 24. a5 Nc5 25. Bf3 g5 26. Qg3 g4 27. Bd1 Qd8 28. Qf4 Rd7 29. Be3 Rxa5 30. Be2 Qa8 31. Rxa5 Qxa5 32. Kf1 Na6 33. Qh6 Nc7 34. Bg5 Qb4 0-1

[Event "LSS SA-2008-0-00042"]
[Site "LSS email"]
[Date "2009.01.25"]
[Round "?"]
[White "Morss, Mark F"]
[Black "Bujdak, Pavol"]
[Result "1-0"]
[WhiteElo "2108"]
[BlackElo "1973"]
[PlyCount "47"]
[EventDate "2009.01.22"]
[EventType "tourn (corr)"]
[EventRounds "6"]
[EventCountry "GER"]
[SourceTitle "Corr 2011"]
[Source "ChessBase"]
[SourceDate "2010.08.31"]
[SourceVersion "1"]
[SourceVersionDate "2010.08.31"]
[SourceQuality "1"]

1. d4 Nf6 2. c4 e6 3. Nc3 Bb4 4. f3 d5 5. a3 Be7 6. e4 dxe4 7. fxe4 e5 8. d5 Bc5 9. Nf3 Bg4 10. h3 Bxf3 11. Qxf3 Nbd7 12. Bd3 c6 13. g4 h6 14. Bd2 Bd4 15. 0-0-0 Qb6 16. Kb1 Rc8 17. Ka2 Nc5 18. Bc2 cxd5 19. exd5 Ncd7 20. b3 Kd8 21. Rhe1 a5 22. a4 Re8 23. Nb5 g5 24. Bf5 1-0

[Event "LSS SA-2008-0-00042"]
[Site "LSS email"]
[Date "2009.01.25"]
[Round "?"]
[White "Trani, Francesco"]
[Black "Morss, Mark F"]
[Result "0-1"]
[WhiteElo "1867"]
[BlackElo "2088"]
[PlyCount "76"]
[EventDate "2009.01.22"]
[EventType "tourn (corr)"]
[EventRounds "6"]
[EventCountry "GER"]
[SourceTitle "Telechess CBM 137"]
[Source "ChessBase"]
[SourceDate "2010.07.15"]
[SourceVersion "1"]
[SourceVersionDate "2010.07.15"]
[SourceQuality "1"]

1. e4 Nf6 2. e5 Nd5 3. d4 d6 4. c4 Nb6 5. Nf3 g6 6. exd6 cxd6 7. Nc3 Bg7 8. Be2 0-0 9. 0-0 Nc6 10. Be3 Bg4 11. b3 d5 12. c5 Nc8 13. b4 a6 14. Rb1 e6 15. a4 N8e7 16. b5 axb5 17. axb5 Na5 18. b6 Bxf3 19. Bxf3 Nf5 20. Nb5 Nc4 21. Qe2 Ra5 22. Rfd1 Qd7 23. Nc7 Ra3 24. Rd3 Qa4 25. Nb5 Ra1 26. Rxa1 Qxa1+ 27. Qd1 Ra8 28. Qxa1 Rxa1+ 29. Rd1 Ra5 30. Rb1 Nfxe3 31. c6 Ra8 32. Nc7 Rf8 33. fxe3 Nxe3 34. Na6 Bxd4 35. cxb7 Nc4+ 36. Kh1 Be5 37. g3 Na5 38. Nc5 Rd8 0-1

[Event "LSS SA-2008-0-00039"]
[Site "LSS email"]
[Date "2008.12.18"]
[Round "?"]
[White "Lanin, Boris Aleksandrovic"]
[Black "Morss, Mark F"]
[Result "0-1"]
[WhiteElo "1981"]
[BlackElo "2088"]
[PlyCount "82"]
[EventDate "2008.12.08"]
[EventType "tourn (corr)"]
[EventRounds "6"]
[EventCountry "GER"]
[SourceTitle "Telechess CBM 137"]
[Source "ChessBase"]
[SourceDate "2010.07.15"]
[SourceVersion "1"]
[SourceVersionDate "2010.07.15"]
[SourceQuality "1"]

1. d4 Nf6 2. Bg5 c5 3. Bxf6 gxf6 4. d5 Qb6 5. Qc1 f5 6. c4 Bh6 7. e3 f4 8. exf4 Bxf4 9. Qxf4 Qxb2 10. Ne2 Qxa1 11. Nec3 d6 12. Qd2 Rg8 13. g3 a6 14. Bd3 b5 15. cxb5 axb5 16. Bxb5+ Bd7 17. Bd3 Bh3 18. Qh6 Bg2 19. Rg1 Bxd5 20. Qxh7 Rf8 21. Nxd5 Qe5+ 22. Qe4 Qxe4+ 23. Bxe4 Rxa2 24. Ndc3 Ra1 25. Ke2 e6 26. Rd1 Ke7 27. h4 Nd7 28. Nd2 Rxd1 29. Nxd1 d5 30. Bg2 c4 31. Nf3 Kd6 32. Kd2 Nf6 33. Kc2 Ne4 34. Nd4 Kc5 35. Ne2 Nd6 36. Nec3 d4 37. Ne4+ Nxe4 38. Bxe4 f5 39. Bg2 d3+ 40. Kd2 Kd4 41. Nc3 Rb8 0-1

[Event "LSS SA-2008-0-00039"]
[Site "LSS email"]
[Date "2008.12.17"]
[Round "?"]
[White "Morss, Mark F"]
[Black "Lahdenmaeki, Leo"]
[Result "1/2-1/2"]
[WhiteElo "2125"]
[BlackElo "2063"]
[PlyCount "51"]
[EventDate "2008.12.08"]
[EventType "tourn (corr)"]
[EventRounds "6"]
[EventCountry "GER"]
[SourceTitle "Corr 2011"]
[Source "ChessBase"]
[SourceDate "2010.08.31"]
[SourceVersion "1"]
[SourceVersionDate "2010.08.31"]
[SourceQuality "1"]

1. d4 Nf6 2. c4 g6 3. Nc3 d5 4. cxd5 Nxd5 5. e4 Nxc3 6. bxc3 Bg7 7. Nf3 c5 8. Rb1 0-0 9. Be2 cxd4 10. cxd4 Qa5+ 11. Bd2 Qxa2 12. 0-0 Bg4 13. Rxb7 Bxf3 14. Bxf3 Bxd4 15. Bb4 Nc6 16. Bxe7 Rfe8 17. Bg5 Bb6 18. h4 Qb2 19. Kh1 Nd8 20. Rd7 Ne6 21. Qd5 Rac8 22. Bg4 Nxg5 23. hxg5 Qg7 24. Rxa7 Bxa7 25. Bxc8 Rxc8 26. Qb7 1/2-1/2

[Event "LSS SA-2008-0-00039"]
[Site "LSS email"]
[Date "2008.12.17"]
[Round "?"]
[White "Morss, Mark F"]
[Black "Llorente Alvarez, Jose Luis"]
[Result "1/2-1/2"]
[WhiteElo "2102"]
[BlackElo "2122"]
[PlyCount "122"]
[EventDate "2008.12.08"]
[EventType "tourn (corr)"]
[EventRounds "6"]
[EventCountry "GER"]
[SourceTitle "Corr 2011"]
[Source "ChessBase"]
[SourceDate "2010.08.31"]
[SourceVersion "1"]
[SourceVersionDate "2010.08.31"]
[SourceQuality "1"]

1. d4 Nf6 2. c4 g6 3. Nc3 Bg7 4. e4 d6 5. Be2 0-0 6. Bg5 Nc6 7. Qd2 e5 8. dxe5 Nxe5 9. Rd1 Qe8 10. c5 Qc6 11. Qf4 Nfd7 12. Be7 Qxc5 13. Bxf8 Nxf8 14. Qd2 Be6 15. Rc1 Qb4 16. Nf3 Nxf3+ 17. Bxf3 Nd7 18. a3 Qb6 19. 0-0 Nc5 20. Rb1 Nb3 21. Qd3 c6 22. h3 h5 23. Rbd1 Be5 24. Be2 Nc5 25. Qd2 Bb3 26. Rb1 Rd8 27. Rfe1 Ne6 28. Bd1 Bc4 29. Bc2 Nf4 30. g3 Ne6 31. Kg2 h4 32. Bd3 Qd4 33. Rbd1 hxg3 34. fxg3 a5 35. Bxc4 Qxc4 36. Qd3 Qb3 37. Rd2 Nc5 38. Qc2 Qe6 39. Ne2 Qe7 40. b4 axb4 41. axb4 Ne6 42. Rf1 Ra8 43. Qc4 Ra3 44. Ra2 b5 45. Qc2 Re3 46. Qxc6 Kg7 47. Qc8 Rxe4 48. Rf2 Rxb4 49. Ra8 Kh6 50. Rb8 Qa7 51. h4 Rb2 52. Qc1+ Kh7 53. Qc8 Bg7 54. Qb7 Qa2 55. Qf3 Qc4 56. Re8 Qc7 57. Kf1 Rb1+ 58. Kg2 Re1 59. Ra8 Kh6 60. Qd5 Be5 61. Ra3 Kg7 1/2-1/2

[Event "LSS SA-2008-0-00039"]
[Site "LSS email"]
[Date "2008.12.13"]
[Round "?"]
[White "Szabo, Michael"]
[Black "Morss, Mark F"]
[Result "1-0"]
[WhiteElo "2064"]
[BlackElo "2108"]
[PlyCount "101"]
[EventDate "2008.12.08"]
[EventType "tourn (corr)"]
[EventRounds "6"]
[EventCountry "GER"]
[SourceTitle "Corr 2011"]
[Source "ChessBase"]
[SourceDate "2010.08.31"]
[SourceVersion "1"]
[SourceVersionDate "2010.08.31"]
[SourceQuality "1"]

1. e4 Nf6 2. e5 Nd5 3. Nc3 Nxc3 4. dxc3 d6 5. Nf3 Nc6 6. exd6 cxd6 7. Bc4 e6 8. 0-0 Be7 9. Be3 0-0 10. Qd2 d5 11. Be2 e5 12. Rad1 Be6 13. Ng5 Bxg5 14. Bxg5 Qb6 15. Be3 Qa5 16. f4 f6 17. a3 Qc7 18. fxe5 fxe5 19. Bf2 Qe7 20. Qe3 Rf5 21. b4 a6 22. Qb6 Kh8 23. Qc5 Qxc5 24. Bxc5 Rxf1+ 25. Kxf1 Kg8 26. Kf2 Kf7 27. Rf1 Bf5 28. Ke3 Ke6 29. c4 d4+ 30. Kd2 Rc8 31. g4 Be4 32. Re1 g6 33. Bb6 Ra8 34. Bd1 Bg2 35. Rg1 Be4 36. Rf1 Re8 37. Re1 Bg2 38. b5 Nd8 39. bxa6 bxa6 40. Bxd4 Nf7 41. Kc3 Rc8 42. a4 a5 43. g5 Kf5 44. Be3 e4 45. Be2 Bf3 46. Bf1 Nxg5 47. Rb1 Kg4 48. Rb7 h6 49. Rb6 Kh5 50. Ra6 Bg4 51. c5 1-0

[Event "LSS RM-2008-0-00021"]
[Site "LSS email"]
[Date "2008.11.23"]
[Round "?"]
[White "Morss, Mark F"]
[Black "Zielinski, Sergej"]
[Result "1/2-1/2"]
[WhiteElo "2128"]
[BlackElo "2192"]
[PlyCount "65"]
[EventDate "2008.10.28"]
[EventType "tourn (corr)"]
[EventRounds "6"]
[EventCountry "GER"]
[SourceTitle "Corr 2011"]
[Source "ChessBase"]
[SourceDate "2010.08.31"]
[SourceVersion "1"]
[SourceVersionDate "2010.08.31"]
[SourceQuality "1"]

1. d4 d5 2. c4 e6 3. Nc3 Nf6 4. cxd5 exd5 5. Bg5 c6 6. e3 Be7 7. Bd3 Nbd7 8. Qc2 0-0 9. Nge2 Re8 10. 0-0-0 Nf8 11. h3 a5 12. Kb1 b5 13. g4 a4 14. Ng3 Qa5 15. Nce2 Bd7 16. Nf5 Bxf5 17. Bxf5 a3 18. b3 Ra6 19. Bd3 Qd8 20. f3 N6d7 21. Bxe7 Qxe7 22. e4 dxe4 23. fxe4 Rb6 24. Rhf1 c5 25. Nc3 c4 26. Be2 Rbb8 27. Nxb5 cxb3 28. Qxb3 Qxe4+ 29. Bd3 Rxb5 30. Qxb5 Qg2 31. Rg1 Qh2 32. Rh1 Qg2 33. Rhg1 1/2-1/2

[Event "LSS RM-2008-0-00021"]
[Site "LSS email"]
[Date "2008.11.22"]
[Round "?"]
[White "Janosi, Ervin"]
[Black "Morss, Mark F"]
[Result "1-0"]
[WhiteElo "2217"]
[BlackElo "2270"]
[PlyCount "49"]
[EventDate "2008.10.28"]
[EventType "tourn (corr)"]
[EventRounds "6"]
[EventCountry "GER"]
[SourceTitle "Corr 2013"]
[Source "ChessBase"]
[SourceDate "2012.11.12"]
[SourceVersion "1"]
[SourceVersionDate "2012.11.12"]
[SourceQuality "1"]

1. d4 Nf6 2. c4 g6 3. Nc3 d5 4. Nf3 Bg7 5. cxd5 Nxd5 6. e4 Nxc3 7. bxc3 c5 8. Rb1 0-0 9. Be2 Nc6 10. d5 Ne5 11. Nxe5 Bxe5 12. Qd2 e6 13. f4 Bg7 14. c4 b6 15. Bb2 Bxb2 16. Rxb2 Ba6 17. 0-0 exd5 18. exd5 Qf6 19. Rb3 Rfe8 20. Ra3 Bc8 21. d6 Bf5 22. g4 Be4 23. d7 Red8 24. Rd1 a6 25. g5 1-0

[Event "LSS SM-2008-0-00033"]
[Site "LSS email"]
[Date "2008.10.23"]
[Round "?"]
[White "Dos Santos, Marcos Antonio Melo"]
[Black "Morss, Mark F"]
[Result "1-0"]
[WhiteElo "2170"]
[BlackElo "2114"]
[PlyCount "53"]
[EventDate "2008.10.19"]
[EventType "tourn (corr)"]
[EventRounds "6"]
[EventCountry "GER"]
[SourceTitle "Corr 2011"]
[Source "ChessBase"]
[SourceDate "2010.08.31"]
[SourceVersion "1"]
[SourceVersionDate "2010.08.31"]
[SourceQuality "1"]

1. e4 Nf6 2. e5 Nd5 3. c4 Nb6 4. d4 d6 5. exd6 cxd6 6. Nc3 g6 7. Be3 Bg7 8. Rc1 0-0 9. b3 e5 10. dxe5 dxe5 11. Qxd8 Rxd8 12. c5 N6d7 13. Nf3 Nc6 14. Bc4 Na5 15. Bb5 Nc6 16. Ne4 Nd4 17. Bc4 Nxf3+ 18. gxf3 Rf8 19. 0-0 Nb8 20. Nd6 Nc6 21. Rfd1 Bf6 22. Nxc8 Raxc8 23. Rd7 Na5 24. b4 Nxc4 25. Rxc4 Rb8 26. c6 bxc6 27. Rxc6 1-0

[Event "LSS RM-2008-0-00018"]
[Site "LSS email"]
[Date "2008.09.23"]
[Round "?"]
[White "Kanios, Michal"]
[Black "Morss, Mark F"]
[Result "1/2-1/2"]
[WhiteElo "2239"]
[BlackElo "2265"]
[PlyCount "43"]
[EventDate "2008.09.12"]
[EventType "tourn (corr)"]
[EventRounds "6"]
[EventCountry "GER"]
[SourceTitle "Corr 2013"]
[Source "ChessBase"]
[SourceDate "2012.11.12"]
[SourceVersion "1"]
[SourceVersionDate "2012.11.12"]
[SourceQuality "1"]

1. Nf3 Nf6 2. g3 g6 3. Bg2 Bg7 4. 0-0 0-0 5. d4 d6 6. Nc3 Nbd7 7. a4 e5 8. dxe5 dxe5 9. Ng5 h6 10. Nge4 Nxe4 11. Nxe4 f5 12. Nc3 Kh7 13. a5 e4 14. a6 bxa6 15. Qd5 Nb6 16. Qc5 Bd4 17. Qa3 Bb7 18. Rd1 Qf6 19. Bf4 c5 20. e3 Bxc3 21. bxc3 Rac8 22. Bf1 1/2-1/2

[Event "LSS RM-2008-0-00018"]
[Site "LSS email"]
[Date "2008.09.23"]
[Round "?"]
[White "Morss, Mark F"]
[Black "Janosi, Ervin"]
[Result "1/2-1/2"]
[WhiteElo "2265"]
[BlackElo "2253"]
[PlyCount "59"]
[EventDate "2008.09.12"]
[EventType "tourn (corr)"]
[EventRounds "6"]
[EventCountry "GER"]
[SourceTitle "Corr 2013"]
[Source "ChessBase"]
[SourceDate "2012.11.12"]
[SourceVersion "1"]
[SourceVersionDate "2012.11.12"]
[SourceQuality "1"]

1. d4 Nf6 2. c4 e6 3. Nc3 d5 4. cxd5 exd5 5. Bg5 Be7 6. e3 0-0 7. Bd3 Nbd7 8. Qc2 c6 9. Nf3 Re8 10. 0-0 Nf8 11. Rae1 Ne4 12. Bxe7 Qxe7 13. Bxe4 dxe4 14. Nd2 f5 15. f3 exf3 16. Nxf3 Be6 17. e4 fxe4 18. Rxe4 Qd6 19. Ne5 Ng6 20. Nxg6 hxg6 21. Rfe1 Bf7 22. b3 Rad8 23. Rxe8+ Bxe8 24. Qf2 Qb4 25. Qe3 Bd7 26. Rf1 Re8 27. Qd2 Bf5 28. h3 Qd6 29. Rf3 b5 30. Re3 1/2-1/2